INTRODUCTION TO THE CONSTITUTION OF INDIA (Record no. 215444)

MARC details
000 -LEADER
fixed length control field 00240 a2200097 4500
020 ## - INTERNATIONAL STANDARD BOOK NUMBER
International Standard Book Number 9789391211783
100 ## - MAIN ENTRY--PERSONAL NAME
Personal name BASU, DURGA DAS
245 ## - TITLE STATEMENT
Title INTRODUCTION TO THE CONSTITUTION OF INDIA
250 ## - EDITION STATEMENT
Edition statement 26TH
260 ## - PUBLICATION, DISTRIBUTION, ETC.
Name of publisher, distributor, etc. GURGAON, LEXIS NXIS
Date of publication, distribution, etc. 2022
Holdings
Withdrawn status Lost status Source of classification or shelving scheme Damaged status Not for loan Home library Current library Shelving location Date acquired Source of acquisition Cost, normal purchase price Total Checkouts Barcode Date last seen Date last checked out Cost, replacement price Price effective from Koha item type Public note
    Dewey Decimal Classification     Mewar University Central Library Mewar University Central Library Law 08/05/2023 3 550.00 2 L7559 26/11/2025 19/11/2025 550.00 08/05/2023 Book 13-6